| 000 | 00507cam a2200181 a 4500 | ||
|---|---|---|---|
| 020 | _a0321952936 | ||
| 020 | _a9780321952936 | ||
| 050 | 0 | 0 |
_aQA276.12 _b.T764 2011 |
| 100 | 1 | _aTriola, Mario F. | |
| 245 | 1 | 0 |
_aElementary statistics using the TI-83/84 plus calculator / _cMario F. Triola. |
| 250 | _a4th ed. | ||
| 260 |
_aBoston : _bAddison-Wesley, _c2015 |
||
| 300 | _axxix, 836 p., | ||
| 500 | _aIncludes indexes. | ||
| 650 | 0 | _vTextbooks. | |
| 650 | 0 |
_xGraphic methods _vTextbooks. |
|
| 942 |
_2lcc _cGEN |
||
| 999 |
_c11319 _d11319 |
||